Information technology R & D : Critical trends and Issues
محفوظ في:
| التنسيق: | كتاب |
|---|---|
| اللغة: | Undetermined |
| منشور في: |
Washington
1985
|
| الموضوعات: | |
| الوسوم: |
إضافة وسم
لا توجد وسوم, كن أول من يضع وسما على هذه التسجيلة!
|
| Thư viện lưu trữ: | Trung tâm Học liệu Trường Đại học Cần Thơ |
|---|
| LEADER | 00584nam a2200181Ia 4500 | ||
|---|---|---|---|
| 001 | CTU_86970 | ||
| 008 | 210402s9999 xx 000 0 und d | ||
| 082 | |a 338.4 | ||
| 082 | |b I.43 | ||
| 245 | 0 | |a Information technology R & D : | |
| 245 | 0 | |b Critical trends and Issues | |
| 260 | |a Washington | ||
| 260 | |c 1985 | ||
| 650 | |a Research,Information storage and retrieval systems,Information technology | ||
| 650 | |x Data processing,Research,Research | ||
| 650 | |z United states,United states,United states | ||
| 904 | |i Truc | ||
| 980 | |a Trung tâm Học liệu Trường Đại học Cần Thơ | ||